Iconic Buildings Around the World #2 - Statistics

General Stats
  • This quiz has been taken 34 times
  • The average score is 4 of 10
Answer Stats
Picture Hint Answer % Correct
Rome, Italy The Colosseum
97%
Paris, France Notre-Dame Cathedral
94%
London, UK Westminster Abbey
74%
New York City, USA One World Trade Center
55%
London, UK The Gherkin
39%
New Delhi, India The Lotus Temple
35%
Québec, Canada Château Frontenac
16%
Paris, France Musée d'Orsay
16%
Dresden, Germany Dresden Frauenkirche
13%
Córdoba, Spain Mosque of Córdoba
6%
No matching quizzes found
Score Distribution
Percent of People with Each Score
Percentile by Number Answered
Your Score History
You have not taken this quiz